000 00458nam a2200157 4500
999 _c5829
_d5829
008 161122b xxu||||| |||| 00| 0 eng d
022 _a9770118389007
082 _aDPer 641.05 F73 Mar-Jul 2013
100 _917733
_aTayag, Claude
245 _aThe cocido connection/
_cClaude Tayag.
260 _aQuezon City:
_bABS CBN Publishing, Inc.,
_c©2013.
300 _apages 46-49;
_c30 cm.
500 _aFood.
650 0 _917734
_aFood
942 _2ddc
_cPER